00302nam a2200109Ia 450000500170000000800410001710000280005824500680008626000180015430000110017265000090018320260326100048.0260326s9999||||xx |||||||||||||| ||und|| aVargas, José María  0aLiturgia y Arte religioso ecuatoriano /cJosé María Vargas bSanto Domingo a112 p. aARTE